000 01262cam a2200337 a 4500
001 000013581
005 20200929163257.0
008 840613s1975 ve 000 0 spa
040 _aDO-SdBNP
_bspa
_cLC
_dBNPHU
050 0 0 _aHD9574.V42
_bN32 1975
082 _a338.2/7282/0987
_bN124
245 0 0 _aNacionalización sin empresas mixtas :
_blos estudiantes en el Parlamento /
_cAlexis Ortiz ... [et al.].
260 _a[Caracas] :
_bFREUCV,
_c[1975].
300 _a94 p. ;
_c21 cm.
650 0 _aPetroleum industry and trade
_xGovernment ownership
_zVenezuela.
_930964
700 1 _aOrtiz, Alexis.
_930965
700 1 _aMalave Mata, Hector.
_930966
700 1 _aArmas, Celestino.
_930967
700 1 _aPinto, Eleazar.
_930968
700 1 _aMartínez, Siuberto.
_930969
700 1 _aFuentes Serrano, Julio.
_930970
700 1 _aVivas, Leonardo.
_930971
700 1 _aAlesi, Baldo.
_930972
700 1 _aLópez, Hector Alonso.
_930973
700 1 _aAstudillo, Cosme.
_930974
700 1 _aEcheverria, Raimundo.
_930975
710 1 _aVenezuela.
_bCongreso de la República.
_bCamara de Diputados.
_bComision Permanente de Minas e Hidrocarburos.
_930976
710 2 _aFREUCV (Organization)
_930977
910 _aCatalogación por copia / LC
049 _aBNGR
999 _c13200
_d13200